000 00928nas a2200301 4500
001 BR0900368
003 BR-BrBNA
005 20231205113007.0
007 ta
008 230509b bl.|||p| |||| 00| 00por d
040 _aBR-BrBNA
_bpor
_cBiblioteca Nacional de Agricultura
041 _a(En)
072 _aF01
100 1 _aGolombieski, J.I.
100 1 _aMarchesan, E.
100 1 _aBaumart, J.S.
100 1 _aReimche, G.B.
100 1 _aResgalla Júnior, C.
100 1 _aStorck, L.
100 1 _aSantos, S.
245 1 _aCladorces, Copepods and Rotifers in rice-fish culture handled with metsulfuron- methlyl and azimsulfuron herbicides and carbofuran insecticide
650 _aLAVOURA
650 _aARROZ
650 _aZOOPLANCTON
773 0 _tCiência Rural (Brazil)
_xISSN 0103-8478
_g(Nov 2008), v. 38(8) p. 2097-2102
_wBR0900368
909 _a202311
_bLúcia
_c55
_dLúcia Elande
942 _2AGRIS
_n0
_cANA
999 _c201220
_d201220